000
00376nam a2200133Ia 4500
008
100328s9999 xx 000 0 und d
082
_b
60791
100
_a
शेवडे शैलजा.
245
_a
सूरविभोरी.
260
_b
संवेदना.
630
_a
सूरविभोरी.
730
_a
सूरविभोरी.
942
_c
BOOK
999
_c
546914
_d
546911